000 02182nam a2200253 a 4500
001 BS0003072
003 BR-BrBNA
005 20230418192218.0
008 230308b |||||||| |||| 00| 0 por d
040 _aBR-BrBNA
_bpor
_cBiblioteca Nacional de Agricultura
041 _apor
072 _aB55
090 _aB55 BS0003072
100 1 _aDiwan, Pietra
245 1 _aRaça pura: uma da eugenia no Brasil e no mundo /
260 3 _aSão Paulo, SP:
_bContexto,
_c2007.
300 _a158 p.
520 3 _aNo mundo moderno temos o dever de ser belos, magros, ter cabelos lisos e parecer "naturais" diante do espelho, de nós mesmos, diante dos outros. E, para conquistar mais saúde, juventude e beleza, os caminhos científicos e industriais não cessam de se multiplicar. O Brasil atualmente é o segundo país no mundo em número de cirurgias plásticas, só perde para os Estados Unidos. Homens e mulheres em busca da perfeição corporal são cortados, costurados, espetados por agulhas, queimados por raios laser, besuntados e massageados com cremes. No entanto, essa busca por se construir o "super-homem" e perseguir uma suposta perfeição já levou diversas nações a atitudes extremadas. Assim, evoluir a cada geração, se superar, ser saudável, ser belo, ser forte. A democratização da beleza, para alguns; ou a vulgarização dos corpos, para outros; todas essas afirmativas estão contidas na concepção de eugenia. Com status de disciplina científica, a eugenia pretendeu implantar um método de seleção humana baseado em premissas biológicas. E isso através da ciência que sempre se dizia neutra e analítica. Em Raça pura: uma história da eugenia no Brasil e no mundo, Pietra Diwan - experiente historiadora e pesquisadora do tema - abre a "caixa preta" da eugenia e desata os nós da rede de relações que compõe a empreitada, seus adeptos, incentivadores e financiadores. Leitura agradável e estimulante, este livro revelador é de grande valia para historiadores, sociólogos, jornalistas e demais interessados.
650 _aSOCIOLOGIA
650 _aRACISMO
650 _aEUGENIA
909 _a202304
_bSergio Santos
_c56
_dSergio Santos
942 _cBK
999 _c8136
_d8136